<?xml version="1.0" encoding="UTF-8"?>
<collection xmlns="http://www.loc.gov/MARC21/slim">
 <record>
  <leader>00743nam a22001695a 4500</leader>
  <controlfield tag="001">EEA.libagro008258</controlfield>
  <controlfield tag="005">20161102113625.0</controlfield>
  <controlfield tag="008">130809s2009####ag#a##########000#0#spa#d</controlfield>
  <datafield tag="082" ind1="0" ind2="4">
   <subfield code="a">633.853</subfield>
  </datafield>
  <datafield tag="100" ind1="1" ind2=" ">
   <subfield code="a">Robledo, Luis Miguel.</subfield>
  </datafield>
  <datafield tag="245" ind1="1" ind2="0">
   <subfield code="a">Susceptibilidad de dos variedades de colza (Brassica napus) a herbicidas latifoliadas postemergentes /</subfield>
   <subfield code="c">Luis Miguel Robledo.</subfield>
  </datafield>
  <datafield tag="260" ind1=" " ind2=" ">
   <subfield code="a">Bahía Blanca,</subfield>
   <subfield code="c">2009.</subfield>
  </datafield>
  <datafield tag="300" ind1=" " ind2=" ">
   <subfield code="a">33 h. :</subfield>
   <subfield code="b">il. ;</subfield>
   <subfield code="c">30 cm.</subfield>
  </datafield>
  <datafield tag="502" ind1=" " ind2=" ">
   <subfield code="a">Trabajo de intensificación (Ingeniero Agrónomo) -- Universidad Nacional del Sur. Departamento de Agronomía, 2009.</subfield>
  </datafield>
  <datafield tag="700" ind1="1" ind2=" ">
   <subfield code="a">Sabbatini, Mario Ricardo,</subfield>
   <subfield code="e">tutor.</subfield>
  </datafield>
  <datafield tag="710" ind1="2" ind2=" ">
   <subfield code="a">Universidad Nacional del Sur.</subfield>
   <subfield code="b">Departamento de Agronomía.</subfield>
  </datafield>
  <datafield tag="859" ind1=" " ind2=" ">
   <subfield code="a">AR-BbBCA</subfield>
   <subfield code="b">BIB. AGRONOMIA</subfield>
   <subfield code="h">633.853</subfield>
   <subfield code="i">R666</subfield>
   <subfield code="p">2009/5647</subfield>
  </datafield>
 </record>
</collection>
